Integrating Advanced Computer-Aided Design, Manufacturing, and Numerical Control : Principles and Implementations

Gespeichert in:
Bibliographische Detailangaben
1. Verfasser: Xu, Xun (Verfasst von)
Format: Buch
Sprache:Englisch
Veröffentlicht: Hershey : Information Science Reference, 2009
Schlagworte:
Tags: Tag hinzufügen
Keine Tags, Fügen Sie das erste Tag hinzu!

MARC

LEADER 00000nam a22000003a 4500
001 stu262011
005 20150617225726.9
008 130201s2009----xxu-----------------eng-d
020 |a 978-1-59904-714-0 
040 |a STU  |b slo 
041 0 |a eng 
044 |a xxu 
100 1 |a Xu, Xun  |4 aut 
245 1 |a Integrating Advanced Computer-Aided Design, Manufacturing, and Numerical Control :  |b Principles and Implementations 
260 |a Hershey :  |b Information Science Reference,  |c 2009 
300 |a 397 s 
650 7 |a výroba priemyselná  |2 stusub 
650 7 |a geometrické modelovanie  |2 stusub 
650 7 |a CAD/CAM  |2 stusub 
996 |b 284M084737  |c M*13405-1  |l MMKN  |s A  |a 24  |w stu262011_0001